Count of montricrist (Record no. 3427)

MARC details
000 -LEADER
fixed length control field 00514cam a2200205ua 4500
001 - CONTROL NUMBER
control field 3588
005 - DATE AND TIME OF LATEST TRANSACTION
control field 20260515113713.0
008 - FIXED-LENGTH DATA ELEMENTS--GENERAL INFORMATION
fixed length control field 111121n ii |||gr||||Z||||||asm
040 ## - CATALOGING SOURCE
Transcribing agency MAIN
082 ## - DEWEY DECIMAL CLASSIFICATION NUMBER
Classification number 823
100 ## - MAIN ENTRY--PERSONAL NAME
Personal name Dumer, Alexender,
245 11 - TITLE STATEMENT
Title Count of montricrist
Statement of responsibility, etc. by Alexender dumar
250 ## - EDITION STATEMENT
Edition statement 1st.
260 ## - PUBLICATION, DISTRIBUTION, ETC.
Place of publication, distribution, etc. Dibrugarh:
Name of publisher, distributor, etc. Purbanchal Prakashan,971.
300 ## - PHYSICAL DESCRIPTION
Extent 136p:
Dimensions 23cm.
653 ## - INDEX TERM--UNCONTROLLED
Uncontrolled term Assamese
653 ## - INDEX TERM--UNCONTROLLED
Uncontrolled term Count of montricrist
700 ## - ADDED ENTRY--PERSONAL NAME
Personal name Sabha Pandit, Tarun ,
Relator term Editor.
942 ## - ADDED ENTRY ELEMENTS (KOHA)
Koha item type Books
Holdings
Withdrawn status Lost status Damaged status Not for loan Home library Current library Shelving location Date acquired Total checkouts Full call number Barcode Date last seen Copy number Price effective from Koha item type
        Naharkatiya College Library Naharkatiya College Library General stacks 09/19/2020   823 | DUM 8441 09/19/2020 1 09/19/2020 Books
        Naharkatiya College Library Naharkatiya College Library General stacks 09/19/2020   823 | DUM 8442 09/19/2020 2 09/19/2020 Books